LEADER 01261nam a2200265 a 4500 001 000000140794 003 CaOOAMICUS 005 20141204142717.0 008 141204s1970 it cf u000 u ita r 040 $aPUL$bita 100 1 $aButler, Joseph,$cvesc. di Durham,$d1692-1752.$0(OLS)http://pul/name/52708 245 10$aAnalogia della religione naturale e rivelata con la costituzione e il corso della natura /$cJoseph Butler ; a cura di Albino Babolin. 260 $aFirenze :$bSansoni,$c1970. 300 $a349 p., [1] c. di tav. :$britr. ;$c21 cm 490 1 $aCollana di classici della filosofia cristiana ;$v04 500 $aSul front.: III. 650 4$aCristianesimo$xStudi.$0(OLS)http://pul/subject/5622 700 1 $aBabolin, Albino.$0(OLS)http://pul/name/5661 830 0$aCollana di classici della filosofia cristiana ;$v04.$0(OLS)http://pul/title/8065 850 $aPUL 852 $aPUL$W1$xDP1 Fondo Capitani$y116$m2 A 75.3$j162547$qFondi$B162160$CPULBib$Z2$F162160 $HCap2034 $82 941 1 $a1 996 $6245$aAnalogia della religione naturale e rivelata con la costituzione e il corso della natura$9(OLS)http://pul/title/178142 996 $6260$aFirenze :$bSansoni$9(OLS)http://pul/publisher/47896 LEADER 01220nam a2200277 a 4500 001 000000145651 003 CaOOAMICUS 005 20150911094351.0 008 150911s2015 sp u000 ubspa r 020 $a978-950-512-901-0 040 $aPUL$bita 082 04$a262.24 100 1 $aAugé, Matias,$d1936-$0(OLS)http://pul/name/2048 245 10$aBuscadores de Dios :$borigen y primeros tiempos del monacato /$cMatias Augé. 260 $aBuenos Aires :$bEditorial Claretiana,$c©2015$aMadrid :$bPublicaciones Claretianas 300 $a108 p. ;$c20 cm 650 4$aMonachesimo.$0(OLS)http://pul/subject/42099 850 $aPUL 852 $aPUL$W1$xSL Religione 3$y85$m262. 24 AUGMA 1$j168427$qDDC 21$B169026$CPULBib$Z2$F169026 $H126189 $82 941 1 $a9 996 $6020$a978-950-512-901-0$9(OLS)http://pul/number/158559 996 $6082$a262.24$9(OLS)http://pul/classification/714 996 $6245$aBuscadores de Dios :$borigen y primeros tiempos del monacato$9(OLS)http://pul/title/184186 996 $6260$aBuenos Aires :$bEditorial Claretiana$9(OLS)http://pul/publisher/81321 996 $6260$aMadrid :$bPublicaciones Claretianas$9(OLS)http://pul/publisher/82358